00465nam a2200193Ia 4500008004100000020001800041050001400059100001900073245001700092245003900109260001500148260002200163260000900185300001500194300002700209300001000236300001700246500000800263170918s9999 xx 000 0 und d a9780531293119 bF911 2011 aFriedman, Mark 4aThe Apache / cby Mark Friedman and Peter Benoit. aNew York : bChildren's Press, c2011 a48 pages : bcolored illustration ; c21cm. eA true book. a830